000 00229nam a2200085Ia 4500
008 220214s9999 xx 000 0 und d
245 0 _aIndia and Taiwan: Scope for immense opportunities
260 _bFacts for You
_c1997
942 _cRE
999 _c45569
_d45569